Design of equilibrium stage processes (Record no. 13251)

000 -LEADER
fixed length control field 00589nam a22002171 4500
001 - CONTROL NUMBER
control field 13251
003 - CONTROL NUMBER IDENTIFIER
control field BD-DhUET
008 - FIXED-LENGTH DATA ELEMENTS--GENERAL INFORMATION
fixed length control field 740517s1963 nyua b 000 0 eng
020 ## - INTERNATIONAL STANDARD BOOK NUMBER
International Standard Book Number 070586373
040 ## - CATALOGING SOURCE
Original cataloging agency DLC
Transcribing agency OAkU
Modifying agency BD-DhUET
082 ## - DEWEY DECIMAL CLASSIFICATION NUMBER
Classification number 660.28422
Item number SMI/1963
100 1# - MAIN ENTRY--PERSONAL NAME
Personal name Smith, Buford D.
245 10 - TITLE STATEMENT
Title Design of equilibrium stage processes
250 ## - EDITION STATEMENT
Edition statement 1st ed.
260 ## - PUBLICATION, DISTRIBUTION, ETC. (IMPRINT)
Place of publication, distribution, etc. New York
Name of publisher, distributor, etc. McGraw-Hill
Date of publication, distribution, etc. 1963
300 ## - PHYSICAL DESCRIPTION
Extent 647 p.
Other physical details ill.
Dimensions 24 cm.
490 ## - SERIES STATEMENT
Series statement McGraw-Hill chemical engineering series
504 ## - BIBLIOGRAPHY, ETC. NOTE
Bibliography, etc Includes bibliographies
650 #0 - SUBJECT ADDED ENTRY--TOPICAL TERM
Topical term or geographic name as entry element Chemical equilibrium
942 ## - ADDED ENTRY ELEMENTS (KOHA)
Koha item type General Book
Holdings
Koha date last seen Sublocation or collection (holding branch) Koha normalized classification for sorting Date acquired Location (home branch) Piece designation (barcode) Copy number Damaged status Withdrawn status Source of classification or shelving scheme Not for loan Shelving location Koha full call number Koha item type Lost status Price effective from
2015-03-02Central Library, BUET660_284220000000000_SMI_19632015-03-02Central Library, BUET349541    Circulation section660.28422/SMI/1963General Book 2015-03-02
2015-03-03Central Library, BUET660_284220000000000_SMI_19632015-03-03Central Library, BUET298452    Circulation section660.28422/SMI/1963General Book 2015-03-03
2015-03-03Central Library, BUET660_284220000000000_SMI_19632015-03-03Central Library, BUET298413    Circulation section660.28422/SMI/1963General Book 2015-03-03
2015-03-03Central Library, BUET660_284220000000000_SMI_19632015-03-03Central Library, BUET298474    Circulation section660.28422/SMI/1963General Book 2015-03-03
2015-03-03Central Library, BUET660_284220000000000_SMI_19632015-03-03Central Library, BUET298535    Circulation section660.28422/SMI/1963General Book 2015-03-03
2015-03-03Central Library, BUET660_284220000000000_SMI_19632015-03-03Central Library, BUET298436    Circulation section660.28422/SMI/1963General Book 2015-03-03
2015-03-03Central Library, BUET660_284220000000000_SMI_19632015-03-03Central Library, BUET298447    Circulation section660.28422/SMI/1963General Book 2015-03-03
2015-03-03Central Library, BUET660_284220000000000_SMI_19632015-03-03Central Library, BUET298408    Circulation section660.28422/SMI/1963General Book 2015-03-03
2015-03-03Central Library, BUET660_284220000000000_SMI_19632015-03-03Central Library, BUET349559    Circulation section660.28422/SMI/1963General Book 2015-03-03
2015-05-11Central Library, BUET660_284220000000000_SMI_19632015-05-11Central Library, BUET1147710    Circulation section660.28422/SMI/1963General Book 2015-05-11
2015-05-11Central Library, BUET660_284220000000000_SMI_19632015-05-11Central Library, BUET2984611    Circulation section660.28422/SMI/1963General Book 2015-05-11
2015-05-11Central Library, BUET660_284220000000000_SMI_19632015-05-11Central Library, BUET3495312    Circulation section660.28422/SMI/1963General Book 2015-05-11
2015-05-11Central Library, BUET660_284220000000000_SMI_19632015-05-11Central Library, BUET1883613    Circulation section660.28422/SMI/1963General Book 2015-05-11
2015-05-11Central Library, BUET660_284220000000000_SMI_19632015-05-11Central Library, BUET2985414    Circulation section660.28422/SMI/1963General Book 2015-05-11
2015-05-11Central Library, BUET660_284220000000000_SMI_19632015-05-11Central Library, BUET2985615    Circulation section660.28422/SMI/1963General Book 2015-05-11
2015-05-19Central Library, BUET660_284220000000000_SMI_19632015-05-19Central Library, BUET2984816    Circulation section660.28422/SMI/1963General Book 2015-05-19
2015-06-18Central Library, BUET660_284220000000000_SMI_19632015-06-18Central Library, BUET644917    Reading section660.28422/SMI/1963Reading Item 2015-06-18